[Event "Vladivostok-ch op"]
[Site "Vladivostok"]
[Date "2008.11.29"]
[Round "5"]
[White "Kalenchuk, Sergey"]
[Black "Kopaev, Pavel"]
[Result "1/2-1/2"]
[WhiteElo "2257"]
[BlackElo "2141"]
[PlyCount "45"]
[EventDate "2008.11.25"]
[EventType "swiss"]
[EventRounds "9"]
[EventCountry "RUS"]
[SourceTitle "EXT 2022"]
[Source "ChessBase"]
[SourceDate "2021.10.06"]
[SourceVersion "1"]
[SourceVersionDate "2021.10.06"]
[SourceQuality "1"]

1. d4 d5 2. Nf3 Nf6 3. g3 Bf5 4. Bg2 e6 5. 0-0 Bd6 6. Nbd2 0-0 7. c4 c6 8. b3 Nbd7 9. Bb2 Qc7 10. Nh4 Bg4 11. h3 Bh5 12. g4 Bg6 13. Nxg6 fxg6 14. e4 Nxe4 15. Nxe4 dxe4 16. Bxe4 Rf4 17. Qe2 e5 18. c5 Be7 19. dxe5 Nxc5 20. Bg2 Ne6 21. Bc1 Rf7 22. f4 Qb6+ 23. Kh1 1/2-1/2

[Event "Vladivostok op"]
[Site "Vladivostok"]
[Date "2008.06.07"]
[Round "8"]
[White "Frolov, Sergey"]
[Black "Kalenchuk, Sergey"]
[Result "0-1"]
[WhiteElo "2335"]
[BlackElo "2263"]
[PlyCount "88"]
[EventDate "2008.05.31"]
[EventType "swiss"]
[EventRounds "9"]
[EventCountry "RUS"]
[SourceTitle "EXT 2009"]
[Source "ChessBase"]
[SourceDate "2008.11.26"]
[SourceVersion "1"]
[SourceVersionDate "2008.11.26"]
[SourceQuality "1"]

1. e4 c5 2. Na3 Nc6 3. Bb5 e6 4. c3 Qc7 5. Nf3 Nf6 6. Bxc6 Qxc6 7. e5 Ng4 8. h3 Nh6 9. 0-0 b6 10. Nc2 Bb7 11. d4 Nf5 12. Ne3 Nxe3 13. fxe3 Be7 14. Qe2 0-0 15. b3 f5 16. Bd2 Qe4 17. Ne1 cxd4 18. cxd4 Ba3 19. Qf3 Rac8 20. Qxe4 Bxe4 21. Nf3 Bb2 22. Bb4 Rfe8 23. Rad1 Bc3 24. Bxc3 Rxc3 25. Rfe1 Rec8 26. Rd2 h6 27. Kf2 Kf7 28. Rb2 Ke7 29. Kg3 g5 30. Ree2 Kd8 31. Kf2 Bb7 32. Nd2 Ba6 33. Nb1 Rc1 34. Red2 h5 35. Kf3 Rf1+ 36. Rf2 Rg1 37. Na3 Bb7+ 38. e4 Bxe4+ 39. Ke3 Rc3+ 40. Kd2 Rg3 41. Nb5 R1xg2 42. Rxg2 Rxg2+ 43. Kc3 Rxb2 44. Kxb2 g4 0-1

[Event "Vladivostok op"]
[Site "Vladivostok"]
[Date "2008.06.06"]
[Round "7"]
[White "Kalenchuk, Sergey"]
[Black "Dolbnya, Darya"]
[Result "1-0"]
[WhiteElo "2263"]
[BlackElo "1947"]
[PlyCount "105"]
[EventDate "2008.05.31"]
[EventType "swiss"]
[EventRounds "9"]
[EventCountry "RUS"]
[SourceTitle "EXT 2009"]
[Source "ChessBase"]
[SourceDate "2008.11.26"]
[SourceVersion "1"]
[SourceVersionDate "2008.11.26"]
[SourceQuality "1"]

1. d4 d5 2. c4 c6 3. Nf3 Nf6 4. Nc3 e6 5. Bg5 Be7 6. e3 0-0 7. Qc2 Nbd7 8. 0-0-0 dxc4 9. Bxc4 b5 10. Bd3 h6 11. h4 Bb7 12. Kb1 a5 13. Bxf6 Nxf6 14. Ne5 Nd7 15. Nxd7 Qxd7 16. Ne4 Rac8 17. Nc5 Qc7 18. f4 Rfd8 19. Be4 Ba8 20. g4 Bxc5 21. Qxc5 Qd6 22. Rc1 a4 23. Qxd6 Rxd6 24. Rc5 Bb7 25. Rhc1 Kf8 26. Kc2 Ke7 27. Kc3 Ke8 28. Kb4 Kd7 29. a3 Ba8 30. Rh1 f6 31. Ka5 Rc7 32. g5 f5 33. Bf3 hxg5 34. hxg5 Rc8 35. Rh7 Rg8 36. Bh5 Ke7 37. Rc2 Rdd8 38. Rh2 Rdf8 39. Kb6 Rb8+ 40. Ka5 Rbf8 41. Kb4 Bb7 42. Be2 Ra8 43. Bd3 Rad8 44. Bb1 Kf7 45. Ba2 Bc8 46. Kc5 Bb7 47. R2h6 Rge8 48. Rh2 Rg8 49. e4 fxe4 50. f5 Ke7 51. Bxe6 Rdf8 52. Rxg7+ Ke8 53. Rhh7 1-0

[Event "Vladivostok op"]
[Site "Vladivostok"]
[Date "2008.06.02"]
[Round "3"]
[White "Kalenchuk, Sergey"]
[Black "Pavlovskiy, Mikhail"]
[Result "1-0"]
[WhiteElo "2263"]
[BlackElo "2211"]
[PlyCount "125"]
[EventDate "2008.05.31"]
[EventType "swiss"]
[EventRounds "9"]
[EventCountry "RUS"]
[SourceTitle "EXT 2009"]
[Source "ChessBase"]
[SourceDate "2008.11.26"]
[SourceVersion "1"]
[SourceVersionDate "2008.11.26"]
[SourceQuality "1"]

1. d4 d5 2. c4 c6 3. Nf3 Nf6 4. Nc3 e6 5. Bg5 Be7 6. e3 Nbd7 7. cxd5 cxd5 8. Bd3 0-0 9. 0-0 h6 10. Bh4 b6 11. Rc1 Bb7 12. Nd2 Rc8 13. Qe2 Ne8 14. Bxe7 Qxe7 15. Ba6 Ndf6 16. Nxd5 Nxd5 17. Rxc8 Bxc8 18. Bxc8 Nec7 19. Bb7 Rb8 20. Bxd5 Nxd5 21. Rc1 Qd7 22. Qc4 Rb7 23. Qc8+ Kh7 24. Qxd7 Rxd7 25. Nf3 f6 26. Kf1 Kg6 27. Ke2 Kf7 28. a3 Ke7 29. Rc8 Nc7 30. Nd2 Kd6 31. f3 Kc6 32. Ne4 Kb7 33. Rg8 Kc6 34. Ng3 Re7 35. Nh5 Ne8 36. e4 Kb5 37. b3 a5 38. Kd3 Kc6 39. Nf4 Nc7 40. Rd8 Rd7 41. Rxd7 Kxd7 42. Nh5 Ne8 43. Kc3 Kc6 44. Kc4 Nd6+ 45. Kd3 Ne8 46. Kc3 Kb5 47. g4 Kc6 48. Nf4 Kd7 49. b4 Nd6 50. a4 axb4+ 51. Kxb4 h5 52. Nxh5 Ne8 53. Kb5 Kc7 54. Ng3 Nd6+ 55. Kb4 Kc6 56. Ne2 b5 57. a5 Nc4 58. Nc3 Nd2 59. d5+ exd5 60. exd5+ Kb7 61. Kxb5 Nxf3 62. d6 f5 63. a6+ 1-0

[Event "Vladivostok-ch op"]
[Site "Vladivostok"]
[Date "2007.10.??"]
[Round "2"]
[White "Kalenchuk, Sergey"]
[Black "Tanashkin, Alexey"]
[Result "0-1"]
[WhiteElo "2269"]
[BlackElo "2187"]
[PlyCount "106"]
[EventDate "2007.10.20"]
[EventType "swiss"]
[EventRounds "9"]
[EventCountry "RUS"]
[SourceTitle "EXT 2022"]
[Source "ChessBase"]
[SourceDate "2021.10.06"]
[SourceVersion "1"]
[SourceVersionDate "2021.10.06"]
[SourceQuality "1"]

1. e4 d6 2. d4 Nf6 3. Nc3 g6 4. Be3 Bg7 5. f3 Nbd7 6. Qd2 c6 7. 0-0-0 b5 8. Kb1 Nb6 9. Bh6 0-0 10. Bxg7 Kxg7 11. g4 Nfd7 12. h4 h6 13. Nh3 e5 14. g5 h5 15. f4 exf4 16. Nxf4 b4 17. Nce2 Nc4 18. Qc1 Ndb6 19. Bh3 Bxh3 20. Rxh3 a5 21. b3 Na3+ 22. Ka1 a4 23. Qb2 Nd7 24. d5+ Ne5 25. Nd4 Kg8 26. Nxc6 Nxc6 27. dxc6 Nb5 28. bxa4 Nc3 29. Rxc3 bxc3 30. Qxc3 Rxa4 31. Nd5 Qa5 32. Qxa5 Rxa5 33. Nf6+ Kg7 34. Rxd6 Rc8 35. c3 Rc5 36. Kb2 R5xc6 37. Rxc6 Rxc6 38. Nd5 Re6 39. Nf6 Kf8 40. Kc2 Ke7 41. Kd3 Ra6 42. Nd5+ Kd6 43. Nb4 Ra5 44. Kd4 Ke6 45. Kd3 f6 46. gxf6 Kxf6 47. Nd5+ Ke5 48. Ne7 Ra6 49. a4 Kf4 50. Nd5+ Kg4 51. e5 Kxh4 52. Kd4 Kg3 53. c4 h4 0-1

[Event "Vladivostok-ch op"]
[Site "Vladivostok"]
[Date "2007.10.??"]
[Round "9"]
[White "Kalenchuk, Sergey"]
[Black "Vilchenko, Maxim"]
[Result "1-0"]
[WhiteElo "2269"]
[BlackElo "2237"]
[PlyCount "99"]
[EventDate "2007.10.20"]
[EventType "swiss"]
[EventRounds "9"]
[EventCountry "RUS"]
[SourceTitle "EXT 2022"]
[Source "ChessBase"]
[SourceDate "2021.10.06"]
[SourceVersion "1"]
[SourceVersionDate "2021.10.06"]
[SourceQuality "1"]

1. d4 d5 2. c4 e6 3. Nc3 c5 4. cxd5 exd5 5. Nf3 Nc6 6. g3 Nf6 7. Bg2 Be7 8. 0-0 0-0 9. Bg5 cxd4 10. Nxd4 h6 11. Be3 Re8 12. Qa4 Bd7 13. Rfd1 Nb4 14. Qb3 a5 15. a4 Bc6 16. Rac1 Bf8 17. Nc2 Qd7 18. h3 Qf5 19. g4 Qe5 20. Bd4 Qe6 21. Ne3 Ne4 22. Nxe4 dxe4 23. Qxe6 Rxe6 24. b3 g6 25. Nc4 Nd5 26. e3 Bg7 27. Bxg7 Kxg7 28. Rd4 f5 29. Bf1 Kf6 30. Rcd1 Nb4 31. Nxa5 Rxa5 32. Rxb4 fxg4 33. hxg4 h5 34. Rbd4 Rg5 35. Be2 Re7 36. Rd6+ Kg7 37. Kg2 Rf7 38. Kg3 Re5 39. R1d2 h4+ 40. Kxh4 Rxf2 41. Kg3 Rf8 42. Bd1 Rc5 43. Rf2 Rc8 44. Rff6 g5 45. Rf5 Be8 46. b4 Rxf5 47. gxf5 Rc3 48. Kg4 Rxe3 49. f6+ Kf8 50. Kxg5 1-0

[Event "Vladivostok op"]
[Site "Vladivostok"]
[Date "2007.06.09"]
[Round "8"]
[White "Kononenko, Maxim"]
[Black "Kalenchuk, Sergey"]
[Result "1/2-1/2"]
[WhiteElo "2238"]
[BlackElo "2260"]
[PlyCount "52"]
[EventDate "2007.06.02"]
[EventType "swiss"]
[EventRounds "9"]
[EventCountry "RUS"]
[SourceTitle "EXT 2022"]
[Source "ChessBase"]
[SourceDate "2021.10.06"]
[SourceVersion "1"]
[SourceVersionDate "2021.10.06"]
[SourceQuality "1"]

1. e4 c5 2. Nf3 d6 3. d4 cxd4 4. Nxd4 Nf6 5. Nc3 a6 6. a4 e6 7. Be2 Be7 8. 0-0 0-0 9. Be3 Nc6 10. f4 Qc7 11. Bf3 Rb8 12. Nb3 b6 13. g4 Re8 14. Bg2 Na5 15. Nxa5 bxa5 16. Rb1 Nd7 17. Qd2 Bb7 18. Qf2 Bf8 19. h3 Ba8 20. Rfd1 Nb6 21. b3 d5 22. Kh1 dxe4 23. Nxe4 Nd5 24. c4 Nxe3 25. Qxe3 h6 26. Rd3 Bc6 1/2-1/2

[Event "Vladivostok op"]
[Site "Vladivostok"]
[Date "2007.06.05"]
[Round "5"]
[White "Kalenchuk, Sergey"]
[Black "Kravtsov, Sergey"]
[Result "0-1"]
[WhiteElo "2260"]
[BlackElo "2367"]
[PlyCount "53"]
[EventDate "2007.06.02"]
[EventType "swiss"]
[EventRounds "9"]
[EventCountry "RUS"]
[SourceTitle "EXT 2022"]
[Source "ChessBase"]
[SourceDate "2021.10.06"]
[SourceVersion "1"]
[SourceVersionDate "2021.10.06"]
[SourceQuality "1"]

1. d4 Nf6 2. Nf3 g6 3. c4 Bg7 4. Nc3 d5 5. Bf4 c5 6. e3 0-0 7. Be2 cxd4 8. exd4 Nc6 9. 0-0 Bf5 10. h3 Rc8 11. g4 Be6 12. c5 Ne8 13. b4 f6 14. Re1 Bf7 15. b5 Na5 16. Rc1 Nc7 17. Bf1 Re8 18. a4 Ne6 19. Bg3 g5 20. h4 h6 21. Bd3 Nf8 22. Bf5 e6 23. Bd3 Ng6 24. hxg5 hxg5 25. Re2 Nf8 26. Rcc2 Qd7 27. Kg2 0-1